| 000 | 00573nam a22001937a 4500 | ||
|---|---|---|---|
| 999 |
_c59353 _d59353 |
||
| 003 | Ge_BSU | ||
| 005 | 20230126165850.0 | ||
| 008 | 230126s2020 enk||||| |||| 00| 0 eng d | ||
| 020 | _a9781292393124 | ||
| 041 | _aeng | ||
| 080 | _a811.111.1 B-99 | ||
| 100 |
_aBygrave, Jonathan _916813 |
||
| 245 |
_aRoadmap B2 : _bStudents Book and interactive eBook / _cJonathan Bygrave. |
||
| 264 |
_aHarlow, _c2020. |
||
| 300 |
_a176 p.: _bill.; _c30 cm. |
||
| 653 | _aინგლისური ენის კურსი | ||
| 773 | _tნაჩუქარი | ||
| 942 |
_2udc _cBK |
||